Co to za Pokemon ? - Statystyki

Ogólne statystyki
  • Ten quiz został rozwiązany 141 razy
  • Średni wynik to 13 z 21
Statystyki odpowiedzi
Obrazkowy Odpowiedź % Poprawnych
Ivysaur
91%
Chansey
87%
Hypno
86%
Celebi
81%
Darkrai
79%
Darumaka
74%
Mamoswine
74%
Sharpedo
74%
Parasect
72%
Metang
69%
Bronzor
68%
Sneasel
68%
Tapu Bulu
61%
Wingull
60%
Goomy
59%
Yveltal
54%
Bergmite
42%
Bewear
34%
Cofagrigus
34%
Mudbray
32%
Stoutland
27%
Nie znaleziono quizów pasujących do podanych kryteriów
Rozkład punktacji
Procent ludzi z każdym wynikiem
Percentyl według liczby udzielonych odpowiedzi
Twoja historia wyników
Nie rozwiązałeś tego quizu